00846nam a22002297a 4500003000400000005001700004008004100021020002100062020002100083040000700104100002900111245008000140260004100220300001700261500003800278505019700316650001800513650001500531650002900546650002600575650001500601OSt20190219073717.0180307b xxu||||| |||| 00| 0 spa d a9505690029 (v.1) a9505690193 (v.2) cPJ aMoreira, Laureano Arturo14aContratos sobre departamentos en construcción /cLaureano Arturo Moreira. aBuenos Aires :bÁbaco,c1985-1988. a2 v.c23 cm. aNotas y citas a pie de página.  aContenido: v. 1: La comercialización por empresa. Los boletos de compraventa. El régimen prehorizontal. v. 2: Construcción por consorcio. Condominio o sociedad. Consorcio de empresas. 0aDERECHO CIVIL 0aCONTRATOS  0aCOMPRAVENTA INMOBILIARIA 0aBOLETO DE COMPRAVENTA 0aCONDOMINIO